Hacia una educación personalizada / (Record no. 27317)

MARC details
000 -CABECERA
campo de control de longitud fija 00563nam a2200193 a 4500
005 - FECHA Y HORA DE LA ÚLTIMA TRANSACCIÓN
campo de control 20230902063556.0
008 - ELEMENTOS DE LONGITUD FIJA--INFORMACIÓN GENERAL
campo de control de longitud fija 991125s19912000mx 000 0 spa u
020 ## - NÚMERO INTERNACIONAL NORMALIZADO PARA LIBROS
Número Internacional Estándar del Libro 9681840666
035 ## - NÚMERO DE CONTROL DEL SISTEMA
Número de control de sistema UPN01000027317
049 ## - COLECCIÓN
Colección CG
050 #4 - SIGNATURA TOPOGRÁFICA DE LA BIBLIOTECA DEL CONGRESO
Número de clasificación LB1027
Número de documento/Ítem F4.3a
100 1# - ASIENTO PRINCIPAL--NOMBRE PERSONAL
Nombre de persona Ferrini, María Rita
245 10 - MENCIÓN DE TÍTULO
Título Hacia una educación personalizada /
Mención de responsabilidad, etc. Rita Ferrini.
260 ## - PUBLICACIÓN, DISTRIBUCIÓN, ETC.
Lugar de publicación, distribución, etc. México :
Nombre del editor, distribuidor, etc. Limusa-Noriega,
Fecha de publicación, distribución, etc. 1991 (2000 impr.)
300 ## - DESCRIPCIÓN FÍSICA
Extensión 199 p.
650 #4 - ASIENTO SECUNDARIO DE MATERIA - TERMINO TEMATICO
Término de materia o nombre geográfico como elemento de entrada Educación
Subdivisión general Métodos experimentales
9 (RLIN) 5868
650 #4 - ASIENTO SECUNDARIO DE MATERIA - TERMINO TEMATICO
Término de materia o nombre geográfico como elemento de entrada Enseñanza individualizada
9 (RLIN) 6835
905 ## - TIPO DE MATERIAL
Tipo de material Libro
Holdings
Estado de retiro Estado de pérdida Fuente del sistema de clasificación o colocación Estado dañado No para préstamo Código de colección Localización permanente Ubicación/localización actual Ubicación en estantería Total de préstamos Clasificación Código de barras Fecha visto por última vez Número de copia Tipo de ítem Koha Fecha del último préstamo
    Library of Congress Classification     Colección General Bib. Gregorio Torres Quintero Bib. Gregorio Torres Quintero Planta baja 4 LB1027 F4.3a 194551 31/12/2020 1 Libro  
    Library of Congress Classification     Colección General Bib. Gregorio Torres Quintero Bib. Gregorio Torres Quintero Planta baja 5 LB1027 F4.3a 158786 31/12/2020 1 Libro  
    Library of Congress Classification     Colección General Bib. Gregorio Torres Quintero Bib. Gregorio Torres Quintero Planta baja 7 LB1027 F4.3a 158787 31/12/2020 1 Libro  
    Library of Congress Classification     Colección General Bib. Gregorio Torres Quintero Bib. Gregorio Torres Quintero Planta baja 7 LB1027 F4.3a 189635 05/03/2025 1 Libro 12/02/2025